The Andriessen (Andriezon, Anderson) family of East Tennessee, Pennsylvania, Delaware and elsewhere. (Record no. 91292)
[ view plain ]
| 000 -LEADER | |
|---|---|
| fixed length control field | 00536cam a2200181u 4500 |
| 001 - CONTROL NUMBER | |
| control field | unk80009799 |
| 003 - CONTROL NUMBER IDENTIFIER | |
| control field | DLC |
| 005 - DATE AND TIME OF LATEST TRANSACTION | |
| control field | 20260227112757.0 |
| 008 - FIXED-LENGTH DATA ELEMENTS--GENERAL INFORMATION | |
| fixed length control field | 810227s1940 dcu 000 0 eng |
| 010 ## - LIBRARY OF CONGRESS CONTROL NUMBER | |
| LC control number | unk80009799 |
| 040 ## - CATALOGING SOURCE | |
| Original cataloging agency | DLC |
| Transcribing agency | CarP |
| Modifying agency | DLC |
| 050 00 - LIBRARY OF CONGRESS CALL NUMBER | |
| Classification number | CS71.A55 |
| Item number | 1940 |
| 100 1# - MAIN ENTRY--PERSONAL NAME | |
| Personal name | Battey, George Magruder, |
| Dates associated with a name | 1887-1965. |
| 245 04 - TITLE STATEMENT | |
| Title | The Andriessen (Andriezon, Anderson) family of East Tennessee, Pennsylvania, Delaware and elsewhere. |
| 260 ## - PUBLICATION, DISTRIBUTION, ETC. | |
| Place of publication, distribution, etc. | Washington, D.C., |
| Date of publication, distribution, etc. | 1940. |
| 300 ## - PHYSICAL DESCRIPTION | |
| Extent | p. cm. |
| 600 30 - SUBJECT ADDED ENTRY--PERSONAL NAME | |
| Personal name | Anderson family. |
No items available.